Religion in its socio-cultural setting among the muslims in a South-Indian village (Record no. 19103)

MARC details
000 -LEADER
fixed length control field 00427nam a2200145Ia 4500
082 ## - DEWEY DECIMAL CLASSIFICATION NUMBER
Classification number TP.0051
100 ## - MAIN ENTRY--AUTHOR NAME
Personal name Pathan, Sophia Khanum M.
245 #0 - TITLE STATEMENT
Title Religion in its socio-cultural setting among the muslims in a South-Indian village
260 ## - PUBLICATION, DISTRIBUTION, ETC. (IMPRINT)
Year of publication 1979
Name of publisher Karnatak University
300 ## - PHYSICAL DESCRIPTION
Number of Pages 219p. + C D-4
650 ## - SUBJECT ADDED ENTRY--TOPICAL TERM
Topical Term MUSLIMS - INDIA, SOUTH
650 ## - SUBJECT ADDED ENTRY--TOPICAL TERM
Topical Term ISLAM AND SOCIAL PROBLEMS
710 ## - ADDED ENTRY--CORPORATE NAME
Corporate name or jurisdiction name as entry element Sarana, Gopala
942 ## - ADDED ENTRY ELEMENTS (KOHA)
Koha item type Thesis
Source of classification or shelving scheme Dewey Decimal Classification
Holdings
Withdrawn status Lost status Damaged status Not for loan Home library Current library Date acquired Bill Date Full call number Accession Number Price effective from Koha item type
        NASSDOC Library NASSDOC Library 08/10/2004 2004-10-22 TP.0051 26298 18/04/2019 Thesis